A shepherd in service : (Record no. 32905)

MARC details
000 -LEADER
fixed length control field 00768nam a22002417a 4500
008 - FIXED-LENGTH DATA ELEMENTS--GENERAL INFORMATION
fixed length control field 250722b |||||||| |||| 00| 0 eng d
017 ## - LEGAL DEPOSIT NUMBER
Legal deposit number LD.5064
018 ## - LEGAL DEPOSIT YEAR
LDD Year 2025
020 ## - INTERNATIONAL STANDARD BOOK NUMBER
ISBN 9789785221787
040 ## - CATALOGING SOURCE
Original cataloging agency NLN
Language of cataloging English
Description conventions AACR2
100 ## - MAIN ENTRY--AUTHOR
Author ADEYEMI, Peter O.
Relator term aut
245 ## - TITLE STATEMENT
Title A shepherd in service :
Remainder of title biography Archbishop Gabriel Leke Abegunrin /
Statement of responsibility, etc Peter Oluseyi Adeyemi
260 ## - PUBLICATION, DISTRIBUTION, ETC. (IMPRINT)
Place of publication [S.l.] :
Name of publisher Daily Graphics Nigerian,
Date of publication 2013
300 ## - COLLATION
Pagination xviii, 267p. :
Other physical details col. ports. ; 22cm.
500 ## - GENERAL NOTE
General note Bibliography : p. 252-255
563 ## - BINDING INFORMATION
Binding note (pbk.)
650 ## - TRACINGS
Main Subject Abegunrin, Gabriel Leke, 1949-
650 ## - TRACINGS
Main Subject Clergy
Subdivision (1st) Nigeria
Subdivision (2nd) Biography
942 ## - ADDED ENTRY ELEMENTS (KOHA)
Item type Books
Suppress in OPAC No
050 ## - LIBRARY OF CONGRESS CALL NUMBER
Classification number DT515.83.A138
Item number A233
082 ## - DEWEY DECIMAL CLASSIFICATION NUMBER
Classification number 922.2669
Holdings
Source of classification or shelving scheme Not for loan Home library Current library Date acquired Mode of acquisition Accession No. Full call number Barcode. Copy number Koha item type
Library of Congress Classification   DUTSE BRANCH National Library of Nigeria 22/07/2025 Legal deposit 275266 DT515.83.A138 A233 275266 1 Books
Library of Congress Classification   UMUAHIA BRANCH National Library of Nigeria 22/07/2025 Legal deposit 275268 DT515.83.A138 A233 275268 1 Books
Library of Congress Classification   OSOGBO BRANCH National Library of Nigeria 22/07/2025 Legal deposit 275267 DT515.83.A138 A233 275267 1 Books

National Library of Nigeria OPAC is powered by Koha